Vở bài tập tiếng việt lớp 2

שמור ב:
מידע ביבליוגרפי
פורמט: ספר
שפה:Undetermined
יצא לאור: Hà Nội Giáo dục 2006
נושאים:
תגים: הוספת תג
אין תגיות, היה/י הראשונ/ה לתייג את הרשומה!
Thư viện lưu trữ: Trung tâm Học liệu Trường Đại học Cần Thơ
LEADER 00589nam a2200193Ia 4500
001 CTU_106259
008 210402s9999 xx 000 0 und d
020 |c 3600 
082 |a 372.6076 
082 |b V460/T2/L2 
245 0 |a Vở bài tập tiếng việt lớp 2 
245 0 |c Nguyễn Minh Thuyết ...[et al.] 
260 |a Hà Nội 
260 |b Giáo dục 
260 |c 2006 
650 |a Vietnamese language 
650 |x Study and teaching ( elementary ) 
904 |i Tuyến (Nguyên sửa) 
980 |a Trung tâm Học liệu Trường Đại học Cần Thơ